000 01697nam0a2200349 i 4500
001 RU\NLR\bibl\1987222
005 20240921171655.0
021 _aRU
_b2012-97322
_97195
035 _a(NLR Aleph) 001975814
090 _a4019991
_c4019991
100 _a20130116d2012 k y0rusy50 ca
101 0 _arus
_deng
102 _aRU
105 _aa |||||||||
200 1 _aВозникновение неклассических скачков в одной модели течения двухкомпонентной, двухскоростной сплошной среды
_fРыков Ю.Г., Лысов В.Г., Феодоритова О.Б.
210 _aМосква
_cИПМ РАН
_d2012
215 _a20 с.
_cил.
_d21
225 1 _aПрепринты ИПМ им. М.В. Келдыша
_dKeldysh institute preprints
225 1 _aПрепринт
_fИн-т приклад. математики им. М.В. Келдыша Рос. акад. наук
_x2071-2898
_vN° 74 за 2012 г.
300 _aРез. на англ. яз.
320 _aБиблиогр.: с. 20 (13 назв.)
606 1 _aГазы
_xДвижение
_xМоделирование
_92253431
_3RU\NLR\auth\661351522
606 1 _aГазодинамика
_xУравнения
_xСистемы
_xРешение
_92139760
_3RU\NLR\auth\661289825
686 _aВ253.33
700 1 _aРыков
_bЮ. Г.
_gЮрий Германович
_4070
701 1 _aЛысов
_bВ. Г.
_gВладимир Генрихович
_4070
701 1 _aФеодоритова
_bО. Б.
_gОльга Борисовна
_4070
801 0 _aRU
_bNLR
_c20130116
_gRCR
801 1 _aRU
_bNLR
_c20130116
942 _cBOOK
980 _aNBR